| 000 | 02782cam a22003491i 4500 | ||
|---|---|---|---|
| 003 | SA-RiAUC | ||
| 005 | 20250427065619.0 | ||
| 008 | 250425s1997 su g b 00100 ara c | ||
| 020 | _a9960202976 | ||
| 040 |
_aSA-RiAUC _bara _cSA-RiAUC _erda |
||
| 050 | 4 | _bS25 1997 | |
| 082 | 0 | 4 |
_a212.2 _qSA-RiAUC |
| 090 |
_a212.2 _b س خ ا |
||
| 100 | 1 |
_aالسخاوي، محمد بن عبد الرحمن بن محمد، _d831-902 هجري _eمؤلف. |
|
| 245 | 1 | 0 |
_aالتماس السعد في الوفاء بالوعد / _cتأليف محمد بن عبد الرحمن السخاوي ؛ تحقيق وتعليق عبد الله بن عبد الواحد الخميس. |
| 250 | _aالطبعة الأولى. | ||
| 264 | 1 |
_aالرياض : _bمكتبة العبيكان، _c1997 |
|
| 300 |
_a138 صفحة ؛ _c24 سم |
||
| 336 |
_aنص _btxt _2rdacontent _3كتاب |
||
| 337 |
_aبدون وسيط _bn _2rdamedia |
||
| 338 |
_aمجلد _bnc _2rdacarrier |
||
| 500 | _aيشتمل على كشافات. | ||
| 504 | _aببليوجرافية : صفحة 125-135. | ||
| 650 | 7 |
_aالوعود (أخلاق إسلامية) _2aucsh |
|
| 650 | 7 |
_aالمسلمون _xطريقة حياة _2aucsh |
|
| 700 | 1 | 2 |
_iتحقيق لـ (عمل) : _aالسخاوي، محمد بن عبد الرحمن بن محمد، _d831-902 هجري _tالتماس السعد في الوفاء بالوعد |
| 700 | 1 |
_aالخميس، عبد الله بن عبد الواحد بن عبد الكريم، _d1372 هجري- _eمحقق. |
|
| 856 |
_uhttp://www.alwaraq.net/Core/AlwaraqSrv/bookpage?book=1112&option=1&fkey=2&page=1 _yDigital Copy _2 نرجو الانتباه لإمكانية وجود اختلاف في الطبعة أو الناشر بين البيانات على البوابة وما ستجده على الكتاب نظرا لمحدودية المعلومات المتاحة على الموقع الناشر للمادة. _3Please note that there may be a difference in the edition or publisher between the data on the portal and the book due to the limited information available on the publisher website for the material. |
||
| 856 |
_uhttp://www.alwaraq.net/Core/waraq/coverpage?bookid=1112&option=1 _yExternal Link _2 نرجو الانتباه لإمكانية وجود اختلاف في الطبعة أو الناشر بين البيانات على البوابة وما ستجده على الكتاب نظرا لمحدودية المعلومات المتاحة على الموقع الناشر للمادة. _3Please note that there may be a difference in the edition or publisher between the data on the portal and the book due to the limited information available on the publisher website for the material. |
||
| 942 |
_2ddc _cBOOK _n0 |
||
| 949 |
_aSA-JeALM _d250425 _umohamedma123 _n1 |
||
| 999 |
_c7360 _d7360 |
||